000 01424cam a2200361 a 4500
001 15274882
003 OSt
005 20150408114103.0
008 080424s2011 maua b 001 0 eng
010 _a 2008018590
020 _a9780073381541 (alk. paper)
020 _a0073381543 (alk. paper)
035 _a(OCoLC)226304807
_z(OCoLC)192082870
035 _a(OCoLC)ocn226304807
040 _aDLC
_cDLC
_dBAKER
_dBTCTA
_dC#P
_dBWX
_dYDXCP
_dDLC
050 0 0 _aHD45
_b.B799 2009
082 0 0 _a658.514
_221
_bBGS
100 1 _aBruton, Garry D.
_918296
245 1 0 _aStrategic management of technology and innovation /
_cRobert A. Burgelman, Clayton M. Christensen, Steven C. Wheelwright.
250 _a2nded.
260 _aBoston :
_bMcGraw-Hill Irwin,
_c2011.
300 _axiii, 1264 p. :
_bill. ;
_c27 cm.
504 _aIncludes bibliographical references and indexes.
650 0 _aTechnological innovations
_xManagement.
_93987
650 0 _aNew products
_xManagement.
_93988
650 0 _aHigh technology industries
_xManagement.
_93989
700 1 _aChristensen, Clayton M.
_93990
700 1 _aWheelwright, Steven C.,
_d1943-
_918297
856 4 1 _3Table of contents only
_uhttp://www.loc.gov/catdir/toc/ecip0817/2008018590.html
906 _a7
_bcbc
_corignew
_d1
_eecip
_f20
_gy-gencatlg
942 _2ddc
_cDVD
999 _c26426
_d260926